| 000 | 00597nam a2200229Ia 4500 | ||
|---|---|---|---|
| 003 | OSt | ||
| 005 | 20220918203042.0 | ||
| 006 | a|||||r|||| 00| 0 | ||
| 007 | ta | ||
| 008 | 220917b |||||||| |||| 00| 0 eng d | ||
| 024 | _a105,687 | ||
| 037 | _cTextual | ||
| 040 |
_aARTS _cARTS _beng |
||
| 041 |
_2eng _aeng |
||
| 082 | _aV3:24wM36, K6-;1 | ||
| 100 |
_aFraser Peter _9106543 |
||
| 245 | 0 |
_aJoseph Chamberlain _b radicalism and empire, 1868-1914 |
|
| 260 | _c1966 | ||
| 650 | _aHISTORY | ||
| 942 |
_hV3:24wM36, K6-;1 _cTEXL _2CC |
||
| 999 |
_c229046 _d229046 |
||